000 00615nam a2200241Ia 4500
003 OSt
005 20221007075950.0
006 a|||||r|||| 00| 0
007 ta
008 221006b |||||||| |||| 00| 0 eng d
020 _a8170362989
024 _a16,678
037 _cTextual
040 _aFLL
_cFLL
_beng
041 _2eng
_aeng
082 _aZ2,5, N2
100 _aDhagamwar Vasudha
245 0 _aLaw, power and justice
260 _aNew Delhi
_bSage Publications India
_c1992
300 _a392p
_ccm.
942 _hZ2,5, N2
_cTEXL
_2CC
999 _c1157958
_d1157958